The Civil War: (Record no. 187506)

000 -LEADER
fixed length control field 00790 a2200169 4500
003 - CONTROL NUMBER IDENTIFIER
control field Nust
005 - DATE AND TIME OF LATEST TRANSACTION
control field 20230213115546.0
040 ## - CATALOGING SOURCE
Transcribing agency Nust
082 ## - DEWEY DECIMAL CLASSIFICATION NUMBER
Classification number 973.7,HEN
100 ## - MAIN ENTRY--PERSONAL NAME
Personal name Henderson.F.R
9 (RLIN) 108979
245 ## - TITLE STATEMENT
Title The Civil War:
Remainder of title A soldier s View /
Statement of responsibility, etc. Col G F R henderson
260 ## - PUBLICATION, DISTRIBUTION, ETC.
Place of publication, distribution, etc. Chicago
Name of publisher, distributor, etc. Chicago press
Linkage 1958
300 ## - PHYSICAL DESCRIPTION
Extent 320:p
505 ## - FORMATTED CONTENTS NOTE
Formatted contents note Introduction (Page-1), The Campaign of Fredericksburg (Page-9), Henderson and the American Civil War (Page-120), Battles and Leaders of the Civil War (Page-130), The American Civil War 1861-1865 (Page-174), The Battle of Gettysburg (Page-225), The Campaign in the Wilderness of Virginia 1864 (Page-254), Stonewall Jackson Place in History (Page-284), The Henderson Legacy (Page-301).
650 ## - SUBJECT ADDED ENTRY--TOPICAL TERM
Topical term or geographic name entry element The Civil War:
9 (RLIN) 108980
942 ## - ADDED ENTRY ELEMENTS (KOHA)
Source of classification or shelving scheme
Koha item type Book
Holdings
Withdrawn status Lost status Source of classification or shelving scheme Damaged status Not for loan Permanent Location Current Location Shelving location Date acquired Full call number Barcode Date last seen Price effective from Koha item type Public note
          Military College of Signals (MCS) Military College of Signals (MCS) General Stacks 12/12/2016 973.7,HEN MCS29144 12/08/2016 12/12/2016 Book Almirah No.62, Shelf No.6
© 2023 Central Library, National University of Sciences and Technology. All Rights Reserved.